Learning Resource and Development

Intertwined : (Record no. 28714)

MARC details
000 -LEADER
fixed length control field 02057cam a2200481 i 4500
001 - CONTROL NUMBER
control field 22903478
003 - CONTROL NUMBER IDENTIFIER
control field CSPC
005 - DATE AND TIME OF LATEST TRANSACTION
control field 20250214163736.0
008 - FIXED-LENGTH DATA ELEMENTS--GENERAL INFORMATION
fixed length control field 221216s2022 ph a bc 000 0 eng
010 ## - LIBRARY OF CONGRESS CONTROL NUMBER
LC control number 2022348183
020 ## - INTERNATIONAL STANDARD BOOK NUMBER
International Standard Book Number 9786218028265
040 ## - CATALOGING SOURCE
Original cataloging agency DLC
Language of cataloging eng
Transcribing agency DLC
Description conventions rda
Modifying agency DLC
-- CSPC
042 ## - AUTHENTICATION CODE
Authentication code lcode
-- pcc
043 ## - GEOGRAPHIC AREA CODE
Geographic area code a-ph---
050 00 - LIBRARY OF CONGRESS CALL NUMBER
Classification number NK1062
Item number .C27 2022
082 04 - DEWEY DECIMAL CLASSIFICATION NUMBER
Classification number 700.9
Item number C172i
100 1# - MAIN ENTRY--PERSONAL NAME
Personal name Capistrano-Baker, Florina H.,
Relator term author.
245 10 - TITLE STATEMENT
Title Intertwined :
Remainder of title transpacific, transcultural Philippines /
Statement of responsibility, etc. Florina H. Capistrano-Baker ; with essays by Sandra Castro [and three others].
246 30 - VARYING FORM OF TITLE
Title proper/short title Transpacific, transcultural Philippines
264 #1 - PRODUCTION, PUBLICATION, DISTRIBUTION, MANUFACTURE, AND COPYRIGHT NOTICE
Place of production, publication, distribution, manufacture Makati City :
Name of producer, publisher, distributor, manufacturer Ayala Foundation, Inc.,
Date of production, publication, distribution, manufacture, or copyright notice 2022.
300 ## - PHYSICAL DESCRIPTION
Extent 170 pages :
Other physical details illustrations (chiefly color) ;
Dimensions 30 cm.
336 ## - CONTENT TYPE
Content type term text
Source rdacontent
336 ## - CONTENT TYPE
Content type term still image
Source rdacontent
337 ## - MEDIA TYPE
Media type term unmediated
Source rdamedia
338 ## - CARRIER TYPE
Carrier type term volume
Source rdacarrier
500 ## - GENERAL NOTE
General note Catalog of an exhibition held December 4-31, 2022 at Ayala Museum.
504 ## - BIBLIOGRAPHY, ETC. NOTE
Bibliography, etc. note Includes bibliographical references.
505 0# - FORMATTED CONTENTS NOTE
Formatted contents note Intertwined identities -- Imag(in)ing the Filipino -- Before 1898: trade with the early American Republic -- Becoming Filipino -- Retrieving the pre-colonial past.
546 ## - LANGUAGE NOTE
Language note In English.
650 #0 - SUBJECT ADDED ENTRY--TOPICAL TERM
Topical term or geographic name entry element Decorative arts
Geographic subdivision Philippines
Form subdivision Exhibitions.
650 #0 - SUBJECT ADDED ENTRY--TOPICAL TERM
Topical term or geographic name entry element Decorative arts
Geographic subdivision Philippines
Form subdivision Catalogs.
650 #0 - SUBJECT ADDED ENTRY--TOPICAL TERM
Topical term or geographic name entry element Folk art
Geographic subdivision Philippines
Form subdivision Exhibitions.
650 #0 - SUBJECT ADDED ENTRY--TOPICAL TERM
Topical term or geographic name entry element Folk art
Geographic subdivision Philippines
Form subdivision Catalogs.
651 #0 - SUBJECT ADDED ENTRY--GEOGRAPHIC NAME
Geographic name Philippines
General subdivision Antiquities
Form subdivision Exhibitions.
651 #0 - SUBJECT ADDED ENTRY--GEOGRAPHIC NAME
Geographic name Philippines
General subdivision Antiquities
Form subdivision Catalogs.
700 1# - ADDED ENTRY--PERSONAL NAME
Personal name Castro, Sandra B.,
Relator term contributor.
710 2# - ADDED ENTRY--CORPORATE NAME
Corporate name or jurisdiction name as entry element Ayala Museum,
Relator term host institution.
710 2# - ADDED ENTRY--CORPORATE NAME
Corporate name or jurisdiction name as entry element Ayala Foundation,
Relator term publisher.
906 ## - LOCAL DATA ELEMENT F, LDF (RLIN)
a 7
b cbc
c origode
d 3
e ncip
f 20
g y-gencatlg
942 ## - ADDED ENTRY ELEMENTS (KOHA)
Source of classification or shelving scheme Dewey Decimal Classification
Suppress in OPAC No
Koha item type Books
Call number prefix FIL
Call number suffix 2022
Item part C172i
Classification part 700.9
Holdings
Withdrawn status Lost status Source of classification or shelving scheme Damaged status Not for loan Home library Current library Shelving location Date acquired Total Checkouts Full call number Barcode Date last seen Copy number Price effective from Koha item type
    Dewey Decimal Classification     Main Library Main Library Filipiniana Section 02/05/2025   FIL 700.9 C172i 2022 028980 02/05/2025 1-1 02/05/2025 Books